Lady Gaga’s TOP 20 songs - Statistiques

Statistiques générales
  • Ce quiz a été pris 51 fois
  • Le résultat moyen est 13 sur 20
Statistiques - réponses
Nb Songs Feat Stream % Correct
5 Bad Romance 1,863,435,159
95%
3 Poker Face 2,139,510,797
92%
9 Telephone 1,107,768,299
87%
10 Paparazzi 1,032,637,633
82%
2 Shallow 3,073,386,978
82%
15 Abracadabra 778,112,029
79%
6 Just Dance 1,749,815,710
79%
8 Judas 1,148,122,594
77%
7 Rain On Me Ft. Ariana Grande 1,235,657,456
74%
12 Born This Way 819,555,966
69%
1 Die With A Smile Ft. Bruno Mars 3,641,107,221
69%
14 Applause 796,164,464
62%
16 Alejandro 747,511,942
56%
4 Always Remember Us This Way 1,884,665,786
49%
17 LoveGame 669,017,072
49%
13 Bloody Mary 799,892,516
44%
20 Stupid Love 422,332,422
44%
11 Million Reasons 997,326,172
33%
19 Hold My Hand 432,147,644
31%
18 I’ll Never Love Again 434,927,296
21%
Aucun quiz correspondant
Distribution des résultats
% des personnes avec chaque résultat
Percentile par nombre de réponses
Votre historique - résultats
Vous n’avez pas pris ce quiz